| 000 | 00771nam a2200193 i 4500 | ||
|---|---|---|---|
| 001 | 161606 | ||
| 003 | ES-MaACL | ||
| 005 | 20231228063240.0 | ||
| 008 | 931025s1878 sp |||| | spa d | ||
| 100 | 1 |
_aPedregal Cañedo, Manuel, _d1831-1896 _9130930 |
|
| 245 | 1 | 0 |
_aEstudios sobre el engrandecimiento y la decadencia de España / _cpor Manuel Pedregal y Cañedo. |
| 260 |
_aMadrid : _bF. Góngora y Compañía, _c1878 ( _fImp. del Indicador de los Caminos de Hierro) |
||
| 300 |
_a319 p. ; _c22 cm. |
||
| 530 | _aDisponible en formato digital. | ||
| 651 | 4 |
_aEspaña- _xHistoria. _98209 |
|
| 852 |
_aES-MaACL _jD-4132 _z- Enc.hol. |
||
| 856 |
_uhttp://bdh-rd.bne.es/viewer.vm?id=0000246804&page=1 _zBiblioteca Digital Hispánica |
||
| 999 |
_c161606 _d161606 |
||